[Event "28th WSCC Open 65 2018"]
[Site "Bled"]
[Date "2018.11.27"]
[Round "9"]
[White "Rashkovsky, Nukhim N"]
[Black "Pritchett, Craig W"]
[Result "1/2-1/2"]
[WhiteElo "2482"]
[BlackElo "2286"]
[Annotator "TA"]
[PlyCount "54"]
[EventDate "2018.11.17"]
[EventType "swiss"]
[EventCountry "SLO"]
[SourceTitle "playchess.com"]
[Source "ChessBase"]
[SourceQuality "1"]

{[%evp 12,54,0,0,20,28,33,27,45,31,37,33,47,34,58,43,37,46,46,36,60,38,48,36,59,41,33,29,51,50,89,53,81,0,0,-15,-9,0,-1,-12,0,0,8,14,16]} 1. d4 Nf6 2. Nf3 e6 3. g3 c5 4. c4 cxd4 5. Nxd4 Qc7 6. Nd2 Nc6 7. Nb5 {LiveBook: 40 Games} Qd8 $146 {A32: Symmetrical English: 2 Nf3 Nf6 3 d4 cxd4 4 Nxd4 e6} ({Predecessor:} 7... Qb6 8. Bg2 a6 9. Nc3 d5 10. cxd5 exd5 11. O-O Be6 12. Nb3 Rd8 13. Na4 Qc7 14. Nac5 Bg4 15. Bf4 {0-1 (71) Onischuk,A (2662)-Savchenko,B (2567) Moscow 2015}) 8. Bg2 a6 9. Nc3 d5 {White has an edge.} 10. cxd5 exd5 11. Nb3 {[%cal Rc3d5]} Be6 12. O-O h6 13. Be3 Bb4 14. Rc1 O-O 15. a3 Be7 16. Na4 Rc8 17. Nbc5 Bxc5 18. Bxc5 Re8 19. Nb6 Rc7 20. b4 Ne7 21. Qa4 Nc8 {[#]} 22. Rcd1 (22. e4 $1 $16) 22... Rc6 $11 {The position is equal.} 23. Nxc8 Qxc8 24. Bd4 Ne4 25. Qb3 Rc2 26. Rfe1 Qc4 27. Qxc4 Rxc4 {Accuracy: White = 73%, Black = 39%.} 1/2-1/2

[Event "28th WSCC Open 65 2018"]
[Site "Bled"]
[Date "2018.11.27"]
[Round "9"]
[White "Birnboim, Nathan"]
[Black "Balashov, Yuri S"]
[Result "0-1"]
[WhiteElo "2376"]
[BlackElo "2445"]
[Annotator "TA"]
[PlyCount "46"]
[EventDate "2018.11.17"]
[EventType "swiss"]
[EventCountry "SLO"]
[SourceTitle "playchess.com"]
[Source "ChessBase"]
[SourceQuality "1"]

{[%evp 17,46,-7,14,-17,-18,-18,0,-384,-386,-364,-386,-377,-376,-415,-396,-373,-395,-619,-621,-615,-466,-473,-484,-458,-459,-465,-436,-426,-410,-880,-881]} 1. e4 e5 2. Nf3 Nc6 3. d4 exd4 4. Nxd4 Bc5 5. Nb3 Bb6 6. Nc3 Nf6 7. Bg5 d6 8. Qf3 {C45: Scotch Game} Ne5 (8... h6 9. Bxf6 Qxf6 10. Qxf6 gxf6 11. Nd5 f5 12. a4 Kd8 13. a5 Bd4 14. Nxd4 Nxd4 {1-0 (62) Hou,Y (2629)-Ding,L (2717) Xinghua 2014}) 9. Qe2 h6 {LiveBook: 3 Games} 10. Bxf6 {The position is equal.} Qxf6 11. Nd5 Qd8 12. f4 $146 {[%mdl 8192]} (12. O-O-O $11) ({Predecessor:} 12. O-O-O O-O 13. h3 Re8 14. f4 Nd7 15. Qf3 c6 16. Nxb6 Nxb6 {½-½ (30) Elomaa,A (2143)-Kivijarvi,J (2203) Finland 2016}) 12... Bg4 $19 13. Qb5+ c6 {[%mdl 64] [#] Double Attack} 14. Qa4 Qh4+ 15. g3 Nf3+ {[%mdl 64] Double Attack} 16. Kd1 Nxh2+ 17. Kc1 (17. Be2 $142 Bxe2+ 18. Kxe2 Qg4+ 19. Kd2 Nf3+ 20. Kc1) 17... Qxg3 {[%cal Rg3e1]} 18. Bd3 O-O 19. Nxb6 axb6 20. Qd4 Qxf4+ 21. Kb1 c5 22. Qg1 Nf3 23. Qg2 {[#]} (23. Qc1 $142 Qxc1+ 24. Kxc1) 23... d5 $1 0-1

[Event "28th WSCC Open 65 2018"]
[Site "Bled"]
[Date "2018.11.27"]
[Round "9"]
[White "Vogt, Lothar"]
[Black "Lind, Jan-Olov"]
[Result "1-0"]
[WhiteElo "2359"]
[BlackElo "2215"]
[Annotator "TA"]
[PlyCount "137"]
[EventDate "2018.11.17"]
[EventType "swiss"]
[EventCountry "SLO"]
[SourceTitle "playchess.com"]
[Source "ChessBase"]
[SourceQuality "1"]

{[%evp 22,137,0,0,0,0,0,0,0,0,0,5,-12,-68,-58,-66,-65,-66,-73,-166,-160,-123,-108,-284,-172,-164,-108,-105,0,0,0,-19,-33,-231,-234,-262,-262,-266,-118,-106,134,107,243,133,149,145,133,141,159,152,143,98,91,90,81,96,243,228,202,176,181,176,153,153,154,154,127,64,100,98,99,98,149,98,100,100,103,90,90,82,80,33,33,33,36,36,77,78,91,91,96,40,241,33,54,60,487,492,1094,1054,6203,4794,29970,29971,29973,29974,29972,29975,29974,29975,29975,29970,29974,29971,29972,29960,12370,1158]} 1. e4 c5 2. Nf3 g6 3. d4 cxd4 4. Qxd4 Nf6 5. e5 Nc6 6. Qa4 Nd5 7. Qe4 Nb6 {B27: Sicilian: 2 Nf3, unusual Black 2nd moves} 8. Nc3 Bg7 9. Bf4 d5 10. exd6 Bf5 11. Qe3 (11. dxe7 Qd7 12. Qe3 Nb4 13. Rc1 Nxc2+ 14. Rxc2 Bxc2 15. Bb5 Bxc3+ 16. Qxc3 Qxb5 17. Qxh8+ Kxe7 {½-½ (22) Ortiz Suarez,I (2548)-Guseinov,G (2654) Barbera del Valles 2018}) 11... O-O 12. O-O-O {LiveBook: 13 Games} exd6 $1 13. Rxd6 Qc8 $1 {Hoping for ...Nb4.} 14. Bh6 Re8 15. Qd2 {Black should prevent Bxg7.} Bh8 $146 16. Bb5 a6 17. Bxc6 (17. Bf1 $11) 17... bxc6 $15 18. b3 $1 {[#]} Nd5 $1 {[%mdl 512]} 19. Nxd5 cxd5 20. Rxd5 (20. Re1 $17 {keeps fighting.}) 20... Bc3 $19 21. Qd1 Be4 {[%mdl 1024] Black has strong compensation.} 22. Rd7 $2 (22. Be3 $17 {was the only defense.} Bxd5 23. Qxd5) 22... Qc5 $36 {[%mdl 2048] Keeping White busy.} 23. Kb1 Rab8 (23... Qa3 24. Bc1 $14) (23... Qxf2 $19 {Threatens to win with ...Rac8.} 24. Ng5 Bf5) 24. Bc1 $17 a5 (24... Qxf2 $6 25. Rf1 $11) ({Black should try} 24... Rbc8 $1 $17 25. Ng5 Bf5) 25. Ng5 $1 $11 {[%cal Rg5e4]} Bf5 {White must now prevent ...a4.} 26. Rd5 Qc6 {...Bg7 is the strong threat.} 27. f3 $2 (27. Rxf5 $1 $15 gxf5 28. Qf3 (28. Qh5 Qg6 $15) 28... Qxf3 29. Nxf3) 27... Bg7 $19 28. Ne4 Bxe4 29. fxe4 Qc3 (29... Qf6 $1 $19 {[%csl Gg7][%cal Rf6a1] is more deadly.} 30. e5 Rxe5) 30. e5 $17 Rxe5 $2 (30... Bxe5 $17 {and life is bright. ( -> ...Qa1#)} 31. Rxe5 Qxe5) 31. Rd3 $16 Qc7 (31... Qc5 $16 {was necessary.}) 32. Bb2 (32. Bf4 $18) 32... Re7 33. Bxg7 Kxg7 34. Re1 Rbe8 35. Rxe7 Rxe7 {[%mdl 4096] Endgame KQR-KQR} 36. Rd6 Qc3 37. Qd4+ Qxd4 38. Rxd4 {KR-KR} Re2 (38... Re1+ $16 39. Kb2 Re2) 39. c4 $1 $18 Kf6 40. c5 Re5 41. Rc4 $1 Ke7 42. a3 Kd7 43. b4 Kc6 44. Rd4 ({Resist} 44. bxa5 $6 Re7 $14) (44. Kb2 $16) 44... axb4 45. axb4 Kb5 46. Kc2 Re2+ ({Black should play} 46... Re3) 47. Kc3 (47. Kd3 $142 $1 {[%cal Rd3e2]} Rxg2 48. Rd7) 47... Re3+ $16 48. Kd2 $1 {[%cal Rd2e3]} Rb3 49. Ke2 h5 50. Rf4 f5 51. h4 Rb2+ 52. Kf3 Rb3+ 53. Kf2 Rb2+ 54. Kg3 Rb3+ {[#]} 55. Kh2 $1 Rd3 56. Kg1 (56. Rf2 $16) 56... Rd1+ $2 {[#]} (56... Rd7 $14) 57. Kf2 $2 (57. Rf1 $1 $18 {[%cal Rf1d1]} Rd2 58. Rc1) 57... Rd2+ 58. Kg3 Rd3+ $2 {[%mdl 8192]} (58... Rd1 $1 $14) 59. Rf3 $18 Rd4 (59... Rd1 $142 60. Rc3 f4+ 61. Kf2 (61. Kxf4 Kxb4 62. Rc2 Kb3 $18) 61... Kc6 62. b5+ Kc7) 60. Rc3 Kxb4 61. Rc1 Rd8 62. c6 {[%cal Bc5c6,Bc6c7][%mdl 32]} Kb5 63. c7 Rc8 64. Kf4 Kb6 65. Kg5 Kb7 66. Rc2 Ka7 67. Kxg6 Kb7 68. Kxf5 Rf8+ 69. Ke4 {Accuracy: White = 48%, Black = 42%.} (69. Kg6 $142 Kc8 70. Kxh5 Rh8+ 71. Kg5 Rg8+ 72. Kf6) 1-0

[Event "28th WSCC Open 65 2018"]
[Site "Bled"]
[Date "2018.11.27"]
[Round "9"]
[White "Berkovich, Mark A"]
[Black "Boehnisch, Manfred"]
[Result "1/2-1/2"]
[WhiteElo "2339"]
[BlackElo "2261"]
[Annotator "RC"]
[PlyCount "98"]
[EventDate "2018.11.17"]
[EventType "swiss"]
[EventCountry "SLO"]
[SourceTitle "playchess.com"]
[Source "ChessBase"]
[SourceQuality "1"]
[TimeControl "40/5400+30:1800+30"]

1. Nf3 {[%emt 0:00:00]} d5 {[%emt 0:00:00]} 2. g3 {[%emt 0:00:00]} c6 {[%emt 0:00:01]} 3. Bg2 {[%emt 0:00:00]} Bf5 {[%emt 0:00:14]} 4. c4 {[%emt 0:00:21]} e6 {[%emt 0:02:49]} 5. O-O {[%emt 0:00:40]} Nd7 {[%emt 0:00:20]} 6. d3 {[%emt 0:00:15]} Ngf6 {[%emt 0:00:54]} 7. Nc3 {[%emt 0:00:21]} Bc5 {[%emt 0:01:49]} 8. cxd5 {[%emt 0:01:55]} exd5 {[%emt 0:03:10]} 9. e4 {[%emt 0:01:36]} dxe4 {[%emt 0:02:52]} 10. dxe4 {[%emt 0:00:11]} Be6 {[%emt 0:01:43]} 11. e5 {[%emt 0:04:58]} Nd5 {[%emt 0:00:23]} 12. Ne4 {[%emt 0:21:46]} Qb6 {[%emt 0:05:26]} 13. Nfg5 {[%emt 0:08:34]} O-O-O {[%emt 0:26:52]} 14. Nxe6 {[%emt 0:02:30]} fxe6 {[%emt 0:00:06]} 15. Qg4 {[%emt 0:01:12]} Bd4 {[%emt 0:05:23]} 16. Qxe6 {[%emt 0:03:32]} Bxe5 {[%emt 0:00:43]} 17. Bg5 {[%emt 0:03:07]} Rde8 {[%emt 0:06:40]} 18. Nd6+ {[%emt 0:01:45]} Bxd6 {[%emt 0:00:07]} 19. Qxd6 {[%emt 0:00:05]} h6 {[%emt 0:03:06]} 20. Bxd5 {[%emt 0:08:03]} hxg5 {[%emt 0:00:09]} 21. Be6 {[%emt 0:00:40]} Qc7 {[%emt 0:00:12]} 22. Rad1 {[%emt 0:00:24]} Rd8 {[%emt 0:00:14]} 23. Rfe1 {[%emt 0:03:36]} Qxd6 {[%emt 0:00:34]} 24. Rxd6 {[%emt 0:00:05]} Kc7 {[%emt 0:00:15]} 25. Rxd7+ {[%emt 0:00:18]} Rxd7 {[%emt 0:00:08]} 26. Bxd7 {[%emt 0:00:03]} Kxd7 {[%emt 0:00:11]} 27. Re5 {[%emt 0:00:07]} Re8 {[%emt 0:02:46]} 28. Rxg5 {[%emt 0:00:25]} Re7 {[%emt 0:00:05]} 29. Kg2 {[%emt 0:05:32]} Kd6 {[%emt 0:02:15]} 30. h4 {[%emt 0:02:25]} c5 {[%emt 0:00:18]} 31. h5 {[%emt 0:02:34]} b5 {[%emt 0:00:45]} 32. g4 {[%emt 0:00:41]} a5 {[%emt 0:01:51]} 33. Kf3 {[%emt 0:14:00]} a4 {[%emt 0:11:02]} 34. Kf4 {[%emt 0:06:17]} b4 {[%emt 0:07:39]} 35. f3 {[%emt 0:07:27]} a3 {[%emt 0:05:36]} 36. bxa3 {[%emt 0:00:13]} bxa3 {[%emt 0:00:41]} 37. Rg6+ {[%emt 0:00:29]} Kd5 {[%emt 0:01:40]} 38. Ra6 {[%emt 0:00:22]} Kd4 {[%emt 0:00:50]} 39. Rxa3 {[%emt 0:00:25]} c4 {[%emt 0:00:08]} 40. Ra8 {[%emt 0:00:00]} Rf7+ {[%emt 0:00:00]} 41. Kg5 {[%emt 0:03:38]} Rc7 {[%emt 0:01:35]} 42. Re8 {[%emt 0:06:59]} c3 {[%emt 0:00:33]} 43. Re1 {[%emt 0:00:32]} c2 {[%emt 0:01:34]} 44. Rc1 {[%emt 0:02:23]} Ke3 {[%emt 0:02:45]} 45. h6 {[%emt 0:03:38]} gxh6+ {[%emt 0:00:26]} 46. Kxh6 {[%emt 0:00:02]} Kd2 {[%emt 0:06:01]} 47. Rxc2+ {[%emt 0:04:50]} Rxc2 {[%emt 0:00:09]} 48. g5 {[%emt 0:00:04]} Ke3 {[%emt 0:00:17]} 49. g6 {[%emt 0:00:14]} Rxa2 1/2-1/2

[Event "28th WSCC Open 65 2018"]
[Site "Bled"]
[Date "2018.11.27"]
[Round "9"]
[White "Shirazi, Kamran"]
[Black "Nukin, Tolegen"]
[Result "1-0"]
[WhiteElo "2333"]
[BlackElo "2171"]
[Annotator "NA"]
[PlyCount "79"]
[EventDate "2018.11.17"]
[EventType "swiss"]
[EventCountry "SLO"]
[SourceTitle "playchess.com"]
[Source "ChessBase"]
[SourceQuality "1"]
[TimeControl "40/5400+30:1800+30"]

1. e4 {[%emt 0:03:36]} c5 {[%emt 0:01:02]} 2. d4 {[%emt 0:00:29]} cxd4 {[%emt 0:00:03]} 3. c3 {[%emt 0:00:05]} d5 {[%emt 0:00:30]} 4. exd5 {[%emt 0:00:06]} Qxd5 {[%emt 0:00:03]} 5. cxd4 {[%emt 0:00:14]} Nc6 {[%emt 0:00:21]} 6. Nf3 {[%emt 0:00:25]} e6 {[%emt 0:03:25]} 7. Nc3 {[%emt 0:00:06]} Qd8 {[%emt 0:00:29]} 8. Bc4 {[%emt 0:00:48]} Nf6 {[%emt 0:00:14]} 9. O-O {[%emt 0:00:26]} Be7 {[%emt 0:00:01]} 10. a3 {[%emt 0:00:51]} O-O {[%emt 0:00:04]} 11. Qd3 {[%emt 0:00:28]} a6 {[%emt 0:00:56]} 12. Re1 {[%emt 0:02:32]} b5 {[%emt 0:00:14]} 13. Ba2 {[%emt 0:00:02]} Bb7 {[%emt 0:04:41]} 14. Bb1 {[%emt 0:01:46]} g6 {[%emt 0:00:33]} 15. h4 {[%emt 0:02:12]} Qd6 {[%emt 0:00:55]} 16. h5 {[%emt 0:12:53]} b4 {[%emt 0:07:39]} 17. hxg6 {[%emt 0:00:46]} hxg6 {[%emt 0:00:36]} 18. Ne4 {[%emt 0:06:00]} Nxe4 {[%emt 0:01:46]} 19. Rxe4 {[%emt 0:06:08]} Bf6 {[%emt 0:00:54]} 20. Rf4 {[%emt 0:19:41]} Kg7 {[%emt 0:05:56]} 21. Bd2 {[%emt 0:12:22]} bxa3 {[%emt 0:03:25]} 22. Rxa3 {[%emt 0:02:05]} Ne7 {[%emt 0:02:54]} 23. Ne5 {[%emt 0:05:48]} Rh8 {[%emt 0:06:04]} 24. Rb3 {[%emt 0:02:36]} Qd5 {[%emt 0:03:19]} 25. Nf3 {[%emt 0:03:18]} Qh5 {[%emt 0:07:14]} 26. Kf1 {[%emt 0:00:02]} Bd5 {[%emt 0:00:16]} 27. Rxf6 {[%emt 0:00:08]} Qh1+ {[%emt 0:01:18]} 28. Ke2 {[%emt 0:00:14]} Kxf6 {[%emt 0:00:07]} 29. Rc3 {[%emt 0:03:11]} Kg7 {[%emt 0:02:32]} 30. Rc7 {[%emt 0:00:27]} Rac8 {[%emt 0:09:36]} 31. Rxe7 {[%emt 0:00:03]} Bc4 {[%emt 0:00:05]} 32. Rxf7+ {[%emt 0:00:09]} Kxf7 {[%emt 0:00:23]} 33. Ne5+ {[%emt 0:00:07]} Ke7 {[%emt 0:01:42]} 34. Bg5+ {[%emt 0:02:08]} Kd6 {[%emt 0:01:13]} 35. Nxc4+ {[%emt 0:00:13]} Rxc4 {[%emt 0:05:05]} 36. Bf4+ {[%emt 0:00:17]} Ke7 {[%emt 0:02:20]} 37. Qxc4 {[%emt 0:00:22]} Qxb1 {[%emt 0:00:39]} 38. Qc7+ {[%emt 0:00:28]} Kf6 {[%emt 0:00:12]} 39. Qe5+ Kf7 {[%emt 0:00:12]} 40. Qxh8 {[%emt 0:00:00] Kg8} 1-0

[Event "28th WSCC Open 65 2018"]
[Site "Bled"]
[Date "2018.11.27"]
[Round "9"]
[White "Pushkov, Nikolai"]
[Black "Wahlbom, Magnus"]
[Result "0-1"]
[WhiteElo "2324"]
[BlackElo "2173"]
[Annotator "NA"]
[PlyCount "58"]
[EventDate "2018.11.17"]
[EventType "swiss"]
[EventCountry "SLO"]
[SourceTitle "playchess.com"]
[Source "ChessBase"]
[SourceQuality "1"]
[TimeControl "40/5400+30:1800+30"]

1. Nf3 {[%emt 0:00:00]} Nf6 {[%emt 0:00:00]} 2. c4 {[%emt 0:00:00]} g6 {[%emt 0:00:10]} 3. Nc3 {[%emt 0:00:09]} Bg7 {[%emt 0:00:13]} 4. e4 {[%emt 0:00:15]} d6 {[%emt 0:00:36]} 5. d4 {[%emt 0:00:08]} O-O {[%emt 0:00:23]} 6. Be2 {[%emt 0:00:07]} e5 {[%emt 0:00:40]} 7. d5 {[%emt 0:01:15]} a5 {[%emt 0:01:21]} 8. Be3 {[%emt 0:01:12]} Ng4 {[%emt 0:04:07]} 9. Bg5 {[%emt 0:00:37]} f6 {[%emt 0:00:11]} 10. Bh4 {[%emt 0:00:22]} Nh6 {[%emt 0:04:05]} 11. Nd2 {[%emt 0:02:04]} Na6 {[%emt 0:01:01]} 12. a3 {[%emt 0:01:45]} g5 {[%emt 0:06:37]} 13. Bg3 {[%emt 0:00:15]} Bd7 {[%emt 0:00:10]} 14. O-O {[%emt 0:01:40]} Qe8 {[%emt 0:06:52]} 15. b3 {[%emt 0:00:51]} g4 {[%emt 0:07:03]} 16. Rb1 {[%emt 0:04:19]} f5 {[%emt 0:05:47]} 17. exf5 {[%emt 0:00:23]} Bxf5 {[%emt 0:00:09]} 18. Nde4 {[%emt 0:01:21]} Qg6 {[%emt 0:03:27]} 19. Bd3 {[%emt 0:00:14]} Nc5 {[%emt 0:05:16]} 20. Nxc5 {[%emt 0:02:07]} dxc5 {[%emt 0:00:05]} 21. Bxf5 {[%emt 0:00:18]} Nxf5 {[%emt 0:00:07]} 22. Nb5 {[%emt 0:30:44]} Rf7 {[%emt 0:05:12]} 23. Qe2 {[%emt 0:01:48]} h5 {[%emt 0:10:54]} 24. Rbe1 {[%emt 0:04:02]} h4 {[%emt 0:11:00]} 25. Bxe5 {[%emt 0:01:26]} Re8 {[%emt 0:00:08]} 26. Qb2 {[%emt 0:09:53]} Rfe7 {[%emt 0:00:38]} 27. Bxg7 {[%emt 0:01:34]} Rxe1 {[%emt 0:00:13]} 28. Bc3 {[%emt 0:00:08]} Rxf1+ {[%emt 0:00:28]} 29. Kxf1 {[%emt 0:00:02]} Nd4 {[%emt 0:04:42]} 0-1

[Event "28th WSCC Open 65 2018"]
[Site "Bled"]
[Date "2018.11.27"]
[Round "9"]
[White "Buchal, Stephan"]
[Black "Yakimenko, Alexander A."]
[Result "1-0"]
[WhiteElo "2288"]
[BlackElo "2125"]
[Annotator "TA"]
[PlyCount "87"]
[EventDate "2018.11.17"]
[EventType "swiss"]
[EventCountry "SLO"]
[SourceTitle "playchess.com"]
[Source "ChessBase"]
[SourceQuality "1"]

{[%evp 14,87,14,14,34,4,0,0,59,-20,13,0,30,18,75,74,81,85,81,39,43,-7,43,0,0,0,0,0,0,0,0,0,0,0,31,8,59,54,122,132,130,130,130,119,175,112,112,111,207,111,132,130,140,140,134,125,168,146,210,127,296,124,138,67,9,12,43,0,77,77,235,223,29995,29996,29997,29998]} 1. c4 e5 2. g3 Nc6 3. Nc3 g6 4. Bg2 Bg7 5. e4 d6 6. Nge2 Bg4 {A25: English Opening vs King's Indian with ...Nc6 but without early d3} (6... Nge7 7. d3 Be6 8. Nd5 h6 9. Be3 Nd4 10. O-O O-O 11. Nxd4 exd4 12. Bd2 c6 13. Nf4 Bd7 14. b4 Kh7 15. Qb3 b6 {1-0 (40) Flores,D (2601)-Maghsoodloo,P (2615) Dubai 2018}) 7. h3 Be6 8. Nd5 {LiveBook: 3 Games} Nce7 {The position is equal.} 9. O-O $146 ({Predecessor:} 9. d4 c6 10. Nxe7 Nxe7 11. d5 cxd5 12. cxd5 Bd7 13. O-O O-O 14. Be3 {1-0 (36) Overveld,R-Thiele,M Netherlands 1995}) 9... c6 10. Ne3 Qb6 ({Black should try} 10... Qd7 $11) 11. Kh2 (11. b3 $14) 11... Rd8 12. b3 Nf6 13. Bb2 O-O (13... d5 $1 $11 {keeps the balance.}) 14. d4 $16 Nh5 15. d5 Bc8 16. dxc6 bxc6 17. Qc1 Qa6 18. g4 Nf4 $1 {[%cal Rf4e2]} 19. Nxf4 exf4 20. Bxg7 Kxg7 21. Nc2 g5 22. Nd4 $36 {[%mdl 2048] White fights for an advantage.} Ng6 23. c5 Ne5 24. cxd6 {Black should prevent Qc5.} f6 (24... c5 $11 25. Nf3 (25. Qxc5 Qxd6 26. Qxd6 Rxd6 $14) 25... Nxf3+ 26. Bxf3 Qxd6) 25. Rd1 Kh8 (25... Qb6 $14) 26. Nf3 Rfe8 27. Qc3 Bd7 28. Rd2 Qc8 (28... Qb6 $16 29. Nxe5 Rxe5) 29. Nxe5 (29. Qa5 $18) 29... Rxe5 30. Qd4 h5 (30... Qb8 $16 {was necessary.} 31. f3 Kg7) 31. f3 (31. Qxa7 $18 {Black must now prevent f3.} hxg4 32. hxg4) 31... hxg4 32. hxg4 c5 33. Qc3 Kg7 34. Rad1 Rh8+ 35. Kg1 Qa6 (35... c4 $16 36. Qxc4 Qxc4 37. bxc4 Kf7) 36. Rd5 Rhe8 $2 (36... Rxd5 $16 {was called for.} 37. Rxd5 Qxa2) 37. a4 (37. Bf1 $18 Qa3 38. Rxe5 fxe5 39. Bc4) 37... Qb6 {[#]} 38. Bf1 (38. a5 $1 $16 {[%cal Ra5b6]} Qb4 39. Qxb4 cxb4 40. R1d4) 38... c4+ $1 $14 39. Kg2 cxb3 40. Bb5 Bxb5 (40... Rc8 $11 41. Bc4 (41. Qxb3 Be6 $11) 41... Rxd5 42. Rxd5 {[#]} Rxc4 $1 {[%mdl 512]} 43. Rxg5+ Kf7 44. Qxc4+ Be6 45. Rg7+ Kxg7 46. Qxe6 b2) 41. axb5 $16 Rxd5 $2 (41... Qe3 $16 42. Qxe3 fxe3) 42. Rxd5 $18 Qe3 $2 (42... Kg6 $18 43. d7 (43. Qxb3 Qe3 $18) 43... Rd8 44. Qxb3 Qe3) 43. Rxg5+ $1 Kh7 44. Qc7+ {Accuracy: White = 42%, Black = 25%.} 1-0

[Event "28th WSCC Open 65 2018"]
[Site "Bled"]
[Date "2018.11.27"]
[Round "9"]
[White "Ackermann, Hans Werner"]
[Black "Sveshnikov, Evgeny"]
[Result "0-1"]
[WhiteElo "2272"]
[BlackElo "2496"]
[Annotator "TA"]
[PlyCount "132"]
[EventDate "2018.11.17"]
[EventType "swiss"]
[EventCountry "SLO"]
[SourceTitle "playchess.com"]
[Source "ChessBase"]
[SourceQuality "1"]

{[%evp 22,132,10,0,-1,-11,8,-29,-12,-45,-33,-52,-16,-31,-3,-3,-3,-9,-9,-8,0,0,0,-18,-18,-19,-18,-25,-22,-26,-26,-22,-24,-27,0,0,0,-35,-35,-52,-31,-28,0,-6,0,-41,-41,-41,-41,-42,-42,-63,-57,-62,-59,-63,-33,-38,-8,0,0,0,0,-68,0,0,0,0,26,0,0,0,189,0,0,0,0,-30,-30,-30,-30,-36,-36,-36,-8,-52,-52,-108,-86,-89,-7,-42,-8,-36,-8,-8,-8,-55,-59,-141,-145,-150,-150,-29978,-29980,-29980,-29981,-29981,-29981,-29990,-29991,-29991,-29992]} 1. Nf3 d5 2. g3 Bf5 3. Bg2 e6 4. d3 Nf6 5. O-O c6 6. Nbd2 Be7 7. Qe1 h6 8. e4 Bh7 9. Qe2 O-O 10. Ne5 Nbd7 {A07: Réti Opening: New York and Capablanca Systems} (10... a5 11. Re1 Na6 12. Ng4 Kh8 13. Nxf6 Bxf6 14. Nf1 a4 15. a3 Nc5 16. e5 Be7 17. f4 b5 18. g4 {½-½ (54) Evdokimov,A (2288)-Kamsky,G (2675) St Petersburg 2018}) 11. Nxd7 Nxd7 12. f4 {LiveBook: 8 Games} Re8 {The position is equal.} 13. Kh1 a5 14. g4 $146 ({Predecessor:} 14. a4 Qc7 15. b3 b5 16. Bb2 Nb6 {1-0 (26) Schulze,U-Lambert,A corr 1998}) 14... a4 15. Nb1 b5 16. Be3 dxe4 17. dxe4 Bc5 18. Bxc5 Nxc5 19. a3 e5 {Hoping for ...exf4.} 20. f5 Kh8 21. Rd1 Qe7 22. Nd2 Bg8 {[%cal Bh7g8,Bg8f7,Bf7e8,Be8c6][%mdl 32]} 23. Nf3 g5 24. Rd2 f6 25. Rad1 Red8 26. Qe3 Rxd2 27. Rxd2 Bf7 28. h4 Kg7 29. Kg1 Nb7 30. Kf2 Be8 31. Bf1 c5 32. Ke1 Bc6 33. hxg5 hxg5 34. Rh2 {Strongly threatening Nxg5!} Rh8 35. Rxh8 Kxh8 36. b3 axb3 37. cxb3 Kg7 38. Nd2 Qd8 39. b4 c4 {[#]} 40. a4 $1 {[%mdl 512]} bxa4 41. Bxc4 Nd6 42. Be6 (42. Ba2 $11) 42... Qc7 (42... Nb5 $1 $15 43. Qc5 Qd6 44. Qxd6 Nxd6) 43. Qc5 $1 $11 {Black must now prevent Bd5.} Nb7 44. Qa7 Qe7 45. b5 Bxb5 46. Bd5 {Threatens to win with Qb8.} a3 $2 (46... Qc5 $11 {and Black stays safe.} 47. Qxb7+ Kh6) 47. Kd1 $2 (47. Qxb7 $2 Qxb7 48. Bxb7 {[#]} Bc4 $1 $19 {[%mdl 512]}) (47. Qb8 $18 {Threatening mate with Qg8+.} Be8 48. Qxb7 Qxb7 49. Bxb7) 47... Be8 {next ...Bf7 is good for Black.} 48. Nc4 ({Don't blunder} 48. Qxb7 $2 Qxb7 49. Bxb7 a2 $19) 48... Bf7 $36 {[%mdl 2048] White is under pressure.} 49. Nxa3 Bxd5 50. exd5 Qd7 51. Nc4 Qxd5+ {[%mdl 64] Double Attack} 52. Nd2 Kf8 {White should prevent ...Qh1+.} 53. Qa8+ Ke7 54. Qa3+ ({White should try} 54. Qa7 $1 $15) 54... Nd6 {...Qd4 is the strong threat.} 55. Qa7+ Qb7 ({Black should play} 55... Kd8 $17 {aiming for ...Nc4.} 56. Qb8+ Kd7 57. Qa7+ Kc6 58. Qa4+ Kc7) 56. Qa2 Qd7 (56... Kf8 {is interesting.} 57. Qe6 Ne8 58. Kc2 Qc7+ 59. Qc4 Qb6) 57. Ke1 Kd8 58. Qa8+ Qc8 59. Qa3 Qc6 60. Qh3 (60. Nf1 $15) 60... Kc7 $17 61. Qh8 Nb5 {And now ...Qc1+ would win.} 62. Kd1 $2 (62. Kf2 $17) 62... Nd4 {Black mates.} 63. Qg7+ Kb6 64. Nc4+ Kb5 65. Na3+ Kb4 66. Qf8+ Kb3 {Accuracy: White = 32%, Black = 53%.} 0-1